Systems Analysis and Design Methods /
保存先:
| 第一著者: | |
|---|---|
| その他の著者: | , |
| フォーマット: | Sách giấy |
| 言語: | English |
| 出版事項: |
Boston :
Irwin,
1998
|
| タグ: |
タグ追加
タグなし, このレコードへの初めてのタグを付けませんか!
|
| Thư viện lưu trữ: | Thư viện Trường Đại học Đà Lạt |
|---|
| LEADER | 00674nam a2200265 4500 | ||
|---|---|---|---|
| 001 | DLU020000293 | ||
| 005 | ##12/15/1998 | ||
| 020 | # | # | |a 0-256-19906-X |
| 041 | # | # | |a eng |
| 082 | # | # | |a 004.21 |b WH-J |
| 100 | # | # | |a Whitten, Jeffrey L. |
| 245 | # | # | |a Systems Analysis and Design Methods / |c Jeffrey L. Whitten, Lonnie D. Bentley, Kevin C. Dittman |
| 260 | # | # | |a Boston : |b Irwin, |c 1998 |
| 300 | # | # | |a XX, 724 tr.; |c 27 cm. |
| 700 | # | # | |a Bentley, Lonnie D. |
| 700 | # | # | |a Dittman, Kevin C. |
| 992 | # | # | |a 363468 |
| 994 | # | # | |a DLU |
| 900 | # | # | |a False |
| 911 | # | # | |a Administrator |
| 925 | # | # | |a G |
| 926 | # | # | |a A |
| 927 | # | # | |a SH |
| 980 | # | # | |a Thư viện Trường Đại học Đà Lạt |


